Adela y Teodoro o Cartas sobre la educación / (Record no. 71518)
[ view plain ]
| 000 -LEADER | |
|---|---|
| campo de control de longitud fija | 00865nam a2200217 i 4500 |
| 001 - NÚMERO DE CONTROL | |
| campo de control | 71518 |
| 003 - IDENTIFICADOR DE NÚMERO DE CONTROL | |
| campo de control | ES-MaACL |
| 005 - FECHA Y HORA DE LA ÚLTIMA TRANSACCIÓN | |
| campo de control | 20251213063018.0 |
| 007 - CAMPO FIJO DE DESCRIPCIÓN FÍSICA--INFORMACIÓN GENERAL | |
| campo de control de longitud fija | t| |
| 008 - DATOS DE LONGITUD FIJA--INFORMACIÓN GENERAL | |
| campo de control de longitud fija | 040812s1792 sp |||| | spa d |
| 100 1# - ENTRADA PRINCIPAL--NOMBRE DE PERSONA | |
| Nombre de persona | Genlis, Caroline-Stéphanie-Félicité Du Crest, |
| Títulos y otros términos asociados al nombre | comtesse de |
| 9 (RLIN) | 127283 |
| 245 10 - MENCIÓN DEL TÍTULO | |
| Título | Adela y Teodoro o Cartas sobre la educación / |
| Mención de responsabilidad, etc. | escritos en francés por la Condesa de Genlis y en castellano por Bernardo María del Calzada. |
| 246 30 - FORMA VARIANTE DEL TITULO | |
| Título propio/Titulo breve | Cartas sobre la educación |
| 250 ## - MENCION DE EDICION | |
| Mención de edición | 2ª edición... aumentada y corregida. |
| 260 ## - PUBLICACIÓN, DISTRIBUCIÓN, ETC. | |
| Lugar de publicación, distribución, etc. | Madrid : |
| Nombre del editor, distribuidor, etc. | Imp. Real, |
| Fecha de publicación, distribución, etc. | 1792. |
| 300 ## - DESCRIPCIÓN FÍSICA | |
| Extensión | 3 v. ([4], XII, 414, [2], V, 376, [2], VI, 261 p.) ; |
| Dimensiones | 18 cm. |
| 650 #7 - PUNTO DE ACCESO ADICIONAL DE MATERIA--TÉRMINO DE MATERIA | |
| Término de materia o nombre geográfico como elemento de entrada | Educación |
| Fuente del encabezamiento o término | embne |
| 9 (RLIN) | 12073 |
| 700 1# - ENTRADA AGREGADA--NOMBRE PERSONAL | |
| Nombre de persona | Calzada, Bernardo María de, |
| Fechas asociadas al nombre | 1751-1825 |
| 9 (RLIN) | 33934 |
| 852 ## - LOCALIZACIÓN | |
| Ubicación | ES-MaACL |
| Número de control de estantería | R-1221-23 |
| Encuadernación | Olim: G-11135-37 |
| Estatus retirado | Estado de pérdida | Estado de daño | No para préstamo | Colección | Biblioteca de origen | Biblioteca actual | Ubicación en estantería | Fecha de adquisición | Fuente de adquisición | Total de préstamos | Signatura topográfica completa | Código de barras | Visto por última vez | Precio de reemplazo | Tipo de ítem Koha |
|---|---|---|---|---|---|---|---|---|---|---|---|---|---|---|---|
| Libros del s. XVIII | Biblioteca del Ateneo de Madrid | Biblioteca del Ateneo de Madrid | Depósito | 17/01/2008 | R-1221-23 | 1074875 | 23/02/2023 | 23/02/2023 | Libro impreso antiguo |
